000 00668nam2a22002291 4500
001 rc\4589582
005 20130416192407.2
035 _a(NLR Aleph) 008383244
090 _a9131056
_c9131056
100 _a20130416d1961 |||y0rusy50 ca
101 0 _arus
102 _aRU
105 _ay z |||||
200 1 _aПески и гравий
210 _aКазань
_cТаткнигоиздат
_d1961]
461 0 _1001rc\4589578
_12001#$aМестные строительные материалы$e[1-5$v[4]
700 1 _aАндрианов
_bК. С.
801 0 _aRU
_bNLR
_gpsbo
801 1 _aRU
_bELAR
_2rusmarc
852 _aNLR
_j61-4/9270
942 _cBOOK
980 _aNB